|
|
|
|
| LEADER |
00000cam a2200000 7i4500 |
| 001 |
0000017283 |
| 005 |
20080515.0 |
| 008 |
080515 |
| 020 |
|
|
|a 9832807751
|
| 090 |
0 |
0 |
|a 646.21
|b SEN
|
| 245 |
0 |
0 |
|a Seni gubahan fabrik
|
| 260 |
|
|
|a Selangor :
|b Penerbitan PCT ,
|c 2005
|
| 440 |
|
|
|a Siri kemahiran hidup kreatif
|
| 650 |
|
0 |
|a Sewing
|
| 710 |
0 |
|
|a Diselenggarakan oleh : Panel Penulis PCT
|
| 999 |
|
|
|a 0000928473
|b Book
|c Adult Collection
|e Cawangan Tangkak
|
| 999 |
|
|
|a 0000928475
|b Book
|c Children Collection
|e Cawangan Tangkak
|
| 999 |
|
|
|a 0001013139
|b Book
|c Adult Collection
|e Perbadanan Perpustakaan Awam Johor
|
| 999 |
|
|
|a 0001013140
|b Book
|c Adult Collection
|e Perbadanan Perpustakaan Awam Johor
|
| 999 |
|
|
|a 0001013141
|b Book
|c Adult Collection
|e Perbadanan Perpustakaan Awam Johor
|
| 999 |
|
|
|a 0001013142
|b Book
|c Adult Collection
|e Perbadanan Perpustakaan Awam Johor
|
| 999 |
|
|
|a 0001013143
|b Book
|c Adult Collection
|e Perbadanan Perpustakaan Awam Johor
|